000 00239 a2200097 4500
001 51092
100 _aParker S P
245 _aEnergy Power & Transportation Technology
260 _aCalifornia
_bGlencoe Pub Co
_c
090 _c32353
_d32353
942 _aNUST-CAE
_cM
_c24840
999 _c286165
_d286165